| 000 | 01691nam a2200433 c 4500 | ||
|---|---|---|---|
| 001 | 60625 | ||
| 003 | CO-BoRNBP | ||
| 005 | 20260225214944.0 | ||
| 007 | ta | ||
| 008 | 210828r20052015ck a br 000 jdspa d | ||
| 020 | _a7706894120246 | ||
| 020 | _a9789580485988 | ||
| 040 |
_aCO-BoRNBP _bspa _erda _cCO-BoRNBP |
||
| 041 | 1 |
_aspa _heng |
|
| 043 | _an-us--- | ||
| 084 | _aC SHA3 | ||
| 100 | 1 | 0 |
_aSharmat, Marjorie Weinman, _d1928-2019 _eaut _952121 |
| 245 | 1 | 0 |
_aYo, el gran Fercho / _cMarjorie Weinmam Sharmat ; ilustraciones de Marc Simont ; traducción María Paz Amaya. |
| 250 |
_aPrimera edición _bPrimera reimpresion |
||
| 264 | 1 |
_aBogotá, Colombia : _bEducativa, _c2018 |
|
| 300 |
_a60 páginas : _bilustraciones |
||
| 336 |
_atexto _btxt _2rdacontent |
||
| 337 |
_asin mediación _bn _2rdamedia |
||
| 338 |
_avolumen _bnc _2rdacarrier |
||
| 490 | 0 | _aTorre de Papel. Naranja | |
| 500 | _aEl folleto acompañante es un cuaderno de actividades | ||
| 500 | _aEl material corresponde a la dotación PNLB 2023, corresponde al año 2018 | ||
| 500 | _aEl material correspondiente a las dotaciones PNLB 2021 y BNC-2021 no incluyó el folleto acompañante de entregas anteriores | ||
| 521 | _aRecomendado para un público infantil mayor de 6 años | ||
| 534 | _tNathe the great | ||
| 650 | 1 | 7 |
_aCuentos infantiles estadounidenses _ySiglo XX _2rnbp _9816 |
| 650 | 1 | 7 |
_aDetectives _vCuentos _2lemb _960507 |
| 650 | 1 | 7 |
_aNiños _vCuentos _2lemb _92576 |
| 650 | 1 | 7 |
_aAnimales _vCuentos _2lemb _9745 |
| 650 | 1 | 7 |
_aLiteratura infantil estadounidense _ySiglo XX _2rnbp _9817 |
| 700 | 1 | 0 |
_aAmaya, María Paz _etrl _92334 |
| 700 | 1 |
_aSimont, Marc _d1915-2013 _eill _960466 |
|
| 942 |
_2loc _cBKLIT |
||
| 999 |
_c60625 _d60625 |
||